000 01037nam a2200301Ia 4500
003 OSt
005 20221007124156.0
006 a|||||r|||| 00| 0
007 ta
008 221006b |||||||| |||| 00| 0 eng d
020 _a8186535195 (pbk)
024 _a117930
037 _b2106, 09/12/2010, Educational Book Agency (India)
_cTextbook
040 _aCDL
_cCDL
_beng
041 _2eng
_aeng
082 _aE9G,1, N5;11-;12 Carc
100 _aLippard Stephen J
_9504861
245 0 _aPrinciples of bioinoraganic chemistry
_b Berg Jeremy M
250 _a2
260 _aNew
_bDelhi Panima Publishing Corporation
_c1995
300 _axvii, 411p.
_ccm.
500 _aIncludes bibliographical references.; Index 393-411p.
650 _a Bioinorganic chemistry
_9718068
650 _aChemistry
700 _a Berg Jeremy M
_9392958
942 _hE9G,1, N5;11-;12 Carc
_cTB
_2CC
999 _c1213115
_d1213115